=LDR 00000nam 2200000 4500 =001 INLIS000000000015907 =005 20130612111200 =008 ***********************************Ind** =035 ##$$0010-061300000015907 =041 ##$$a Ind =082 ##$$a 372.87 =090 ##$$a 372.87, Suh b =100 ##$$a Suharto, M =245 ##$$a Belajar aktif seni musik untuk sekolah dasar kelas 6, M. Soeharto ; Ruddy =260 ##$$a 1989 $b Jakarta =300 ##$$a VIII-56 hlm., eks, 28 cm =650 ##$$a Pendidikan dasar - seni musik =700 ##$$a Ruddy =850 ##$$a NBPNMAT